000 01333nam a2200229Ia 4500
003 Ost
005 20260507075015.0
008 260507s9999||||xx |||||||||||||| ||und||
020 _a8264279977
040 _cfsecg
041 _aara
082 _a380.1
100 _aأبو القاسم، محمد أحمد
_eمؤلف
245 0 _aالتسويق عبر الأنترنيت /
_c محمد أحمد أبو القاسم
260 _aالقاهرة:
_bدار الأمين,
_c2000
300 _a127 صفحة؛
_c24 سم
520 _aالتجارة الإلكترونية-مواقع التجارة الإلكترونية تكلفتها ومتطلبات إنشائها-أفكار للتسويق على شبكة الويب-كيف تعمل ملف توقيع؟-إرشادات إدارة طرق دفع النقود-أساليب الدفع-أشهر نظم التجارة الإلكترونية-تطبيقات التجارة الإلكترونية في العالم العربي-الشراء من خلال مواقع الويب-شركات التكنولوجيا العالمية ومعوقات التجارة الإلكترونية-الجانب القانوني للتجارة الإلكترونية
653 _aالأنترنيت
653 _aالتجارة الالكترونية
653 _aالتسويق
942 _cكتاب
999 _c42195
_d42195